Statistiques concernant Chanteurs et groupes

Cliquez ici pour prendre le quiz!

Statistiques générales

  • Ce quiz a été pris 210 fois
    (183 depuis la dernière actualisation)
  • Le résultat moyen est 19 sur 50

Statistiques - réponses

ArtistesGroupes% Correct
Jean-Louis AubertTéléphone
96%
Freddie MercuryQueen
86%
Mick JaggerThe Rolling Stones
86%
John LennonThe Beatles
83%
StingPolice
74%
Nicola SirkisIndochine
71%
BonoU2
71%
Catherine RingerLes Rita Mitsouko
68%
Bertrand CantatNoir Désir
65%
Phil CollinsGenesis
63%
AkhenatonIam
58%
Maître GimsSexion d'Assaut
58%
George MichaelWham
58%
Eddy MitchellLes Chaussettes Noires
54%
Gaëtan RousselLouise Attaque
53%
BeyoncéDestiny's Child
50%
FergieBlack Eyed Peas
46%
Annie LennoxEurythmics
44%
Axl RoseGuns n' Roses
41%
Manu ChaoLa Mano Negra
41%
Robert PlantLed Zeppelin
35%
Gwen StefaniNo Doubt
33%
M PokoraLinkup
32%
Diana RossThe Supremes
32%
JoëlleIl était une fois
30%
Bernie BonvoisinTrust
30%
Dick RiversLes Chats Sauvages
27%
SopranoPsy 4 de la Rime
27%
Adrien GalloBB Brunes
26%
CalogeroLes Charts
26%
Muriel MorenoNiagara
26%
Jocelyne BéroardKassav'
23%
Robbie WilliamsTake That
22%
Debbie HarryBlondie
21%
Jean-Jacques GoldmanTaï Phong
21%
Mokobé113
20%
Ozzy OsbourneBlack Sabbath
20%
Jimmy Somerville ( 1er groupe )Bronski Beat
18%
Justin Timberlake*Nsync
17%
Lou ReedThe Velvet Underground
17%
Gérard BlancMartin Circus
16%
Iggy PopThe Stooges
14%
Rachid TahaCarte de Séjour
13%
Joëlle UrsullZouk Machine
13%
Simon Le BonDuran Duran
12%
Lionel RichieCommodores
11%
Peter KingsberryCock Robin
9%
Hubert MounierL'Affaire Louis' Trio
9%
Daniel DarcTaxi Girl
8%
Roland OrzabalTears For Fears
5%

Distribution des résultats

Percentile par nombre de réponses

% des personnes avec chaque résultat

Votre développement - résultats

Vous n’avez pas pris ce quiz depuis la dernière actualisation